Estudio de los factores que determinan la competitividad, desempeño y la calidad de las PYMES artesanales del sector Norte de Nicaragua

Presenta la determinación de los factores que influyen en la competitividad y los agentes que permiten mejorar el desempeño y la calidad de las PYMES artesanales en el norte de Nicaragua. Describe la situación actual en las PYMES del sector artesanal de Las Segovias, detecta las barreras que imp...

Full description

Bibliographic Details
Main Authors: Núñez Rodríguez, Sayra del Carmen, Mejía Ramos, Engels Omar
Other Authors: Tutor: Cáceres Antón, Juan Agustín
Format: Tesis Section = Libro
Language:Undetermined
Spanish
Published: Managua UNI 2009
Subjects:
LEADER 01658nam a2200253Ia 4500
008 240830s9999 xx 000 0 und d
040 |a BIBLIOTECA-RUPAP Mon 338.09 N972 
041 |a spa 
082 |a Mon 338.09 N972 
100 1 |a Núñez Rodríguez, Sayra del Carmen 
100 1 |b Mejía Ramos, Engels Omar 
245 1 0 |a Estudio de los factores que determinan la competitividad, desempeño y la calidad de las PYMES artesanales del sector Norte de Nicaragua 
260 |a Managua  |b UNI  |c 2009 
300 |a 138 p. :il. 
500 |a Contiene: anexos e Incluye: CD. 
502 |a Tesis (Ingeniero Industrial)- UNI, 2009. 
520 3 |a Presenta la determinación de los factores que influyen en la competitividad y los agentes que permiten mejorar el desempeño y la calidad de las PYMES artesanales en el norte de Nicaragua. Describe la situación actual en las PYMES del sector artesanal de Las Segovias, detecta las barreras que impiden el desarrollo de las PYMES y su competitividad, propone una serie de actividades relacionadas con los factores de competitividad para el mejoramiento de las PYMES, se establecen las ventajas y desventajas de la innovación tecnológica en las PYMES artesanales, se explica la influencia de las nuevas tecnologías para el desarrollo empresarial de las PYMES artesanales y se Identifican las prácticas concretas relacionadas con la calidad para mejorar el desempeño de las PYMES. 
650 7 |a FACTORES DE PRODUCCION - PYMES 
650 7 |b EFICIENCIA DE LA PRODUCCION 
650 7 |c PRODUCTIVIDAD 
700 1 |a Tutor:  |b Cáceres Antón, Juan Agustín 
942 |c BK  |2 ddc 
991 |a TESIS 
999 |c 15417